000 00887nam a22002297a 4500
999 _c16212
_d16212
003 AR-CdUCM
008 190502b ||||| |||| 00| 0 spa d
040 _aMUNICIPALIDAD PROVINCIAL DEL CUSCO
_cBIBLIOTECA MUNICIPAL DEL CUSCO
082 _a081 /
_bH47 / 1908
100 _aHertzka, TH.
_935515
245 _aLas leyes de la evolución social /
260 _aBarcelona :
_bHenrich y comp,
_c1908.
300 _atomo 2 ;
_c16 cm.
440 _aBiblioteca sociológica internacional
_926726
505 _aContenido : t 1: El desenvolvimiento social -- El liberalismo -- La legalidad económica -- t.2: La emancipación del trabajo -- Anulación del monopolio de la naturaleza -- El estado social ...
650 _aLeyes
_94808
650 _aEconomía
_9382
650 _aEvolución social
_92436
700 _aMacia, J.
_935516
942 _2ddc
_cLIBROS
945 _arah
_d02/05/2019